LIBRARY & INFORMATION CENTRE, KCAET, TAVANUR

ONLINE PUBLIC ACCESS CATALOGUE (OPAC)

Using Autocad 2000 / (Record no. 9476)

MARC details
000 -LEADER
fixed length control field 00627cam a2200241ua 4500
020 ## - INTERNATIONAL STANDARD BOOK NUMBER
ISBN 9788120317048
041 ## - LANGUAGE CODE
Language code of text/sound track or separate title eng
082 ## - DEWEY DECIMAL CLASSIFICATION NUMBER
Classification number 005.369
Item number HOU/US
100 ## - MAIN ENTRY--AUTHOR NAME
Personal name House, Ron.
245 ## - TITLE STATEMENT
Title Using Autocad 2000 /
250 ## - EDITION STATEMENT
Edition statement Special /
260 ## - PUBLICATION, DISTRIBUTION, ETC. (IMPRINT)
Place of publication New Delhi :
Name of publisher Prentice Hall of India Pvt Ltd. ,
Year of publication 2000.
300 ## - PHYSICAL DESCRIPTION
Number of Pages 816527 ; .
700 1# - ADDED ENTRY--PERSONAL NAME
Personal name Bainer, Roy .
700 1# - ADDED ENTRY--PERSONAL NAME
Personal name Barger, E L.
700 1# - ADDED ENTRY--PERSONAL NAME
Personal name Brooks, John .
700 1# - ADDED ENTRY--PERSONAL NAME
Personal name Richardson, Paul W .
700 1# - ADDED ENTRY--PERSONAL NAME
Personal name Vance, Dylan .
942 ## - ADDED ENTRY ELEMENTS (KOHA)
Koha item type Books
Holdings
Withdrawn status Lost status Damaged status Home library Current library Date acquired Full call number Accession Number Koha item type
      KAUAET KAUAET 07/04/2012 005.369 20537 Books
free website counter